Estudios de literatura española y comparada

Uloženo v:
Podrobná bibliografie
Hlavní autor: Lida de Malkiel, María Rosa (Autor)
Médium: Kniha
Jazyk:španělština
Vydáno: Buenos Aires EUDEBA 1966
Edice:Colección Teoría e Investigación
Témata:
Tagy: Přidat tag
Žádné tagy, Buďte první, kdo vytvoří štítek k tomuto záznamu!

MARC

LEADER 00000cam a2200000 a 4500
001 UCT7413
003 CL-VaPUC
008 970117e19660000AG |||||||||||||||||spa|d
082 0 4 |a 860.9  |b LID  |2 21 
100 |a Lida de Malkiel, María Rosa  |e author  |9 378664 
245 1 0 |a Estudios de literatura española y comparada 
300 |a 272 p 
942 |c BK 
945 |d 19970117 00:00:00  |a nastorga 
260 |a Buenos Aires  |b EUDEBA  |c 1966 
650 0 |a Literatura española  |9 306261 
650 0 |a Literatura comparada  |9 319086 
650 0 |a Teatro  |9 265385 
650 0 |a Renacimiento  |9 255107 
650 0 |a Arte  |9 265238 
583 |a last modification  |c 20160520 09:08:04  |k Rodrigo Vera 
490 0 |a Colección Teoría e Investigación 
999 |c 256037  |d 256035 
952 |0 0  |1 0  |4 0  |6 860_900000000000000_LID_1966  |7 0  |8 A  |9 278567  |a BIBEDU  |b BIBEDU  |d 2019-11-19  |i 3270548  |o 860.9 LID 1966  |p 3270548  |r 2019-11-19  |w 2019-11-19  |y BK  |k LIT 
952 |0 0  |1 0  |4 0  |6 860_900000000000000_LID_1966  |7 0  |8 A  |9 278568  |a BIBEDU  |b BIBEDU  |d 2019-11-19  |i 3270556  |o 860.9 LID 1966  |p 3270556  |r 2019-11-19  |w 2019-11-19  |y BK  |k LIT 
952 |0 0  |1 0  |3 erb  |4 0  |6 860_900000000000000_LID_1966  |7 0  |8 A  |9 278569  |a FDOHBE  |b FDOHBE  |e Huesbe Llanos, Marco Antonio, 1934-  |i 5305470  |o 860.9 LID 1966  |p 5305470  |r 2024-01-30  |w 2019-11-19  |y BK  |z Catalogado en:20160520  |k HBE